| 000 | 00625nam a2200193 a 4500 | ||
|---|---|---|---|
| 005 | 20210223124711.0 | ||
| 008 | 020904s1995 mx r 000 0 spa d | ||
| 020 | _a9688955523 | ||
| 035 | _aUPN01000118894 | ||
| 049 | _aCG | ||
| 050 | 4 |
_aLE7.3731 G22 _bH57 |
|
| 245 | 0 | 0 |
_aHistoria social de la Universidad de Guadalajara / _ccomp. Carmen Castañeda. |
| 260 |
_aGuadalajara : _bU. de G. : _c1995. _bCIESAS, |
||
| 300 |
_a210 p. : _bcuadros, gráfs. |
||
| 440 | 0 | _aJornadas académicas | |
| 610 | 2 | 4 |
_aUNIVERSIDAD DE GUADALAJARA - _xHISTORIA |
| 700 | 1 |
_aCastañeda García, Carmen, _d1941-2007 _ecomp. _936459 |
|
| 905 | _aLibro | ||
| 999 |
_c91257 _d91257 |
||